[Event "AUTO-INT-1647"]
[Site "http://www.queenalice.com/game.php?id=748919"]
[Date "2010.3.20"]
[Round "1"]
[White "carolsoy"]
[Black "kiruba"]
[Result "0-1"]
[WhiteElo "1544"]
[BlackElo "1604"]

1. e4 e5 2. Nf3 Nc6 3. Bb5 Nf6 4. Bxc6 bxc6 5. Nc3 Bb7 6. O-O d6 7. d3 Be7 8.
Re1 O-O 9. Bg5 h6 10. Bxf6 Bxf6 11. Ne2 Re8 12. Ng3 d5 13. exd5 cxd5 14. c3 e4
15. dxe4 dxe4 16. Qxd8 Raxd8 17. Nd2 Rxd2 18. Nxe4 Rxe4 19. Rxe4 Bxe4 20. f3 Bc6
21. Rb1 Bxc3 22. bxc3 Rxa2 23. Re1 Ra3 24. c4 Bxf3 25. gxf3 Rxf3 26. Re7 c5 27.
Rxa7 Rc3 28. Ra8+ Kh7 29. Rc8 Rxc4 30. Rc7 f5 31. Kf2 Kg6 32. Rc6+ Kg5 33. h4+
Kxh4 34. Rxh6+ Kg4 35. Rg6+ Kh5 36. Rxg7 f4 37. Kf3 Rd4 38. Rh7+ Kg5 39. Rh1
Rd3+ 40. Ke2 c4 41. Rh3 Rxh3 42. Kf2 c3 43. Ke2 f3+ 44. Kf2 c2 45. Ke1 c1=Q+ 46.
Kf2 Qd2+ 47. Kg1 Qg2# 0-1

[Event "AUTO-INT-1647"]
[Site "http://www.queenalice.com/game.php?id=748926"]
[Date "2010.3.20"]
[Round "1"]
[White "Givanildo"]
[Black "carolsoy"]
[Result "1-0"]
[WhiteElo "1387"]
[BlackElo "1553"]

1. e3 e5 2. Qh5 Nc6 3. Bb5 g6 4. Qf3 Bg7 5. Bxc6 bxc6 6. Nc3 Bb7 7. d4 exd4 8.
exd4 Qe7+ 9. Nge2 Nf6 10. Bg5 O-O 11. O-O Ba6 12. Rae1 Rfe8 13. Ne4 Qxe4 14. Be3
Qxc2 15. Kh1 Qxb2 16. Rg1 Qxa2 17. Ng3 Re7 18. Ra1 Qc4 19. Bh6 Qxd4 20. Bxg7
Kxg7 21. Rxa6 Re6 22. Raa1 d5 23. Rad1 Qg4 24. h3 Qxf3 25. gxf3 Rb8 26. h4 Rb2
27. h5 Kh6 28. Rg2 gxh5 29. Nf5# 1-0

[Event "AUTO-INT-1647"]
[Site "http://www.queenalice.com/game.php?id=748927"]
[Date "2010.3.20"]
[Round "1"]
[White "carolsoy"]
[Black "Givanildo"]
[Result "1-0"]
[WhiteElo "1532"]
[BlackElo "1430"]

1. e4 e6 2. d4 Qh4 3. Nc3 Bb4 4. g3 Bxc3+ 5. bxc3 Qxe4+ 6. Ne2 Qxh1 7. h4 Qe4 8.
Ba3 d6 9. Qd2 e5 10. O-O-O Qd5 11. Re1 Qxa2 12. Bb2 a5 13. c4 a4 14. Nc3 Qxb2+
15. Kxb2 a3+ 16. Ka2 Be6 17. dxe5 Nc6 18. f4 b5 19. Nxb5 Kd7 20. exd6 Nf6 21.
Nxc7 Ra4 22. Nxe6 fxe6 23. c5 Nb4+ 24. Kb3 Rha8 25. Bb5+ Nc6 26. Bxa4 Nd5 27.
Bxc6+ Kxc6 28. Ra1 Rb8+ 29. Kxa3 Kxc5 30. d7 Ra8+ 31. Kb2 Rb8+ 32. Kc1 Kc4 33.
Qd3+ Kc5 34. Ra5+ Kd6 35. Qa6+ Rb6 36. Qxb6+ Nxb6 37. d8=Q+ Nd7 38. Ra6+ Kc5 39.
Qc7+ Kd4 40. Qxd7+ Ke4 41. Qxe6+ Kf3 42. Ra3+ Kg2 43. c4 1-0

[Event "AUTO-OPEN-2026"]
[Site "http://www.queenalice.com/game.php?id=797580"]
[Date "2010.7.2"]
[Round "1"]
[White "WeirdGoblin"]
[Black "carolsoy"]
[Result "1-0"]
[WhiteElo "2241"]
[BlackElo "1614"]

1. d4 Nf6 2. Nf3 d5 3. c4 e6 4. g3 c5 5. cxd5 Qxd5 6. Nc3 Qd8 7. Bg2 cxd4 8.
Qxd4 Qxd4 9. Nxd4 Bb4 10. Nb5 Bxc3+ 11. bxc3 Nd5 12. Bxd5 exd5 13. Nc7+ Kd8 14.
Nxa8 Nc6 15. Bf4 d4 16. cxd4 Nxd4 17. Rd1 1-0

[Event "AUTO-OPEN-2026"]
[Site "http://www.queenalice.com/game.php?id=797581"]
[Date "2010.7.2"]
[Round "1"]
[White "carolsoy"]
[Black "WeirdGoblin"]
[Result "0-1"]
[WhiteElo "1612"]
[BlackElo "2262"]

1. e4 Nf6 2. e5 Nd5 3. c4 Nb6 4. c5 Nd5 5. d4 d6 6. cxd6 exd6 7. exd6 Bxd6 8.
Bc4 O-O 9. Bxd5 Bb4+ 10. Bd2 Bxd2+ 11. Qxd2 Qxd5 12. Nf3 Re8+ 13. Kd1 Bg4 14.
Nc3 Bxf3+ 15. gxf3 Qxf3+ 16. Kc2 Nc6 17. Rad1 Rad8 18. Qc1 Qf5+ 19. Kb3 Nxd4+
20. Ka3 Qa5+ 21. Na4 b5 0-1

[Event "AUTO-OPEN-2026"]
[Site "http://www.queenalice.com/game.php?id=797603"]
[Date "2010.7.2"]
[Round "1"]
[White "carolsoy"]
[Black "Denny"]
[Result "0-1"]
[WhiteElo "1616"]
[BlackElo "1279"]

1. e4 e5 2. Nf3 f6 3. Bc4 Ne7 4. Nxe5 fxe5 5. Nc3 Ng6 6. Qh5 Qf6 7. Nd5 Qc6 8.
b3 Qf6 9. Nxc7+ Kd8 10. Nxa8 Nf4 11. Qf3 Bb4 12. O-O b6 13. d3 Bb7 14. g3 Nh3+
15. Kg2 Ng5 16. Qxf6+ gxf6 17. Bxg5 fxg5 18. Nxb6 Kc7 19. Nd5+ Bxd5 20. Bxd5 Rf8
21. Rac1 h5 22. c3 Be7 23. d4 exd4 0-1

[Event "AUTO-OPEN-2026"]
[Site "http://www.queenalice.com/game.php?id=797604"]
[Date "2010.7.2"]
[Round "1"]
[White "Denny"]
[Black "carolsoy"]
[Result "1-0"]
[WhiteElo "1308"]
[BlackElo "1587"]

1. e4 e5 2. Bc4 Nf6 3. Nf3 Nc6 4. Ng5 d5 5. exd5 Nxd5 6. d3 f6 7. Ne4 Bf5 8. g4
Bxe4 9. dxe4 Nb6 10. Be2 Qxd1+ 11. Kxd1 O-O-O+ 12. Bd3 Nb4 13. Re1 Nxd3 14. cxd3
Rxd3+ 15. Nd2 Nc4 16. b3 Bb4 17. a3 Bxd2 18. Ra2 Bxe1+ 19. Kxe1 Rxb3 20. Kd1
Rd8+ 21. Kc2 Rf3 22. Kb1 Rd6 23. h4 Rd1 24. Kc2 1-0

[Event "AUTO-OPEN-2026"]
[Site "http://www.queenalice.com/game.php?id=797605"]
[Date "2010.7.2"]
[Round "1"]
[White "carolsoy"]
[Black "zolaweed"]
[Result "0-1"]
[WhiteElo "1626"]
[BlackElo "1836"]

1. e4 c5 2. d4 cxd4 3. Qxd4 Nc6 4. Qd1 e5 5. Nf3 a6 6. Bc4 h6 7. O-O Nf6 8. Re1
d6 9. Nc3 Be7 10. Ne2 O-O 11. Ng3 Re8 12. h3 Bf8 13. b3 Rb8 14. Rb1 b5 15. Bd5
Ne7 16. Ba3 b4 17. Bb2 Ng6 18. c4 bxc3 19. Bxc3 Nf4 20. Ne2 N6h5 21. Nxf4 Nxf4
22. g3 Nxh3+ 23. Kg2 Bg4 24. Qd3 Qf6 25. Rb2 Bxf3+ 26. Qxf3 Qxf3+ 27. Kxf3 Ng5+
28. Ke3 Rec8 29. Bd2 g6 30. f4 exf4+ 31. gxf4 Nh7 32. Rf1 Bg7 33. Rbb1 Nf6 34.
Bc4 Re8 35. Bd3 d5 36. Bxa6 Rxe4+ 37. Kf3 h5 38. Bd3 Rd4 39. Ke2 Re8+ 0-1

[Event "AUTO-OPEN-2026"]
[Site "http://www.queenalice.com/game.php?id=797606"]
[Date "2010.7.2"]
[Round "1"]
[White "zolaweed"]
[Black "carolsoy"]
[Result "1-0"]
[WhiteElo "1835"]
[BlackElo "1643"]

1. c4 e5 2. Nc3 Nf6 3. e3 Bb4 4. Qc2 O-O 5. Nf3 Re8 6. Be2 Bxc3 7. Qxc3 Nc6 8.
O-O d6 9. Re1 Bg4 10. d3 d5 11. b3 Bxf3 12. Bxf3 d4 13. Qc2 a6 14. e4 Nb4 15.
Qd2 c5 16. a3 Nc6 17. Rb1 b5 18. Qg5 h6 19. Qg3 bxc4 20. Bxh6 g6 21. bxc4 Rb8
22. Bg5 Rxb1 23. Rxb1 Re6 24. Bg4 Rd6 25. f4 Qe8 26. f5 Nxg4 27. Qxg4 Ne7 28.
Qh4 Kf8 29. Bxe7+ Qxe7 30. Qh8# 1-0

[Event "AUTO-INT-1745"]
[Site "http://www.queenalice.com/game.php?id=797953"]
[Date "2010.7.2"]
[Round "1"]
[White "daniel0176"]
[Black "carolsoy"]
[Result "1/2-1/2"]
[WhiteElo "1553"]
[BlackElo "1623"]

1. e4 e5 2. Qh5 Nc6 3. Bc4 Qe7 4. Nc3 g6 5. Qf3 Bg7 6. Nge2 Nf6 7. O-O O-O 8.
Bb5 a6 9. Bxc6 dxc6 10. h3 b6 11. Re1 Bb7 12. b3 c5 13. d3 Rad8 14. Ba3 Rfe8 15.
Rab1 b5 16. b4 cxb4 17. Bxb4 c5 18. Ba5 b4 19. Bxd8 Rxd8 20. Na4 Nh5 21. Nb6 Rd6
22. Nc4 Rf6 23. Qg4 Bc6 24. Qc8+ Be8 25. c3 Re6 26. cxb4 cxb4 27. Rb2 Rc6 28.
Qg4 Nf4 29. Nxf4 exf4 30. Rxb4 Qxb4 31. Qxf4 Qxe1+ 32. Kh2 Rxc4 33. Qb8 Kf8 34.
Qb3 Rc3 35. Qb4+ Kg8 36. a3 Rxd3 37. Qxe1 Be5+ 38. g3 Rxa3 39. f4 Bc7 40. Qc1
Ra2+ 41. Kh1 Ba5 42. Qc4 Ra1+ 43. Kh2 Bb5 44. Qc8+ Kg7 45. e5 Ra2+ 46. Kh1 Be1
47. e6 fxe6 48. Qxe6 Re2 49. Qd5 Bxg3 50. Qd4+ Kh6 51. Qf6 Rh2+ 52. Kg1 Rxh3 53.
Qf8+ Kh5 54. Qc5+ Kh6 55. Qg5+ Kg7 56. Qe5+ Kh6 57. Qg5+ Kg7 58. Qe5+ Kh6
1/2-1/2

[Event "AUTO-INT-1745"]
[Site "http://www.queenalice.com/game.php?id=797954"]
[Date "2010.7.2"]
[Round "1"]
[White "carolsoy"]
[Black "daniel0176"]
[Result "1-0"]
[WhiteElo "1610"]
[BlackElo "1594"]

1. e4 e5 2. Nf3 d6 3. Bc4 h6 4. O-O Nf6 5. Re1 Be7 6. d4 exd4 7. Qxd4 Nc6 8. Qd1
O-O 9. Nc3 a6 10. a3 b5 11. Ba2 Re8 12. Be3 b4 13. axb4 Nxb4 14. Bb3 Bb7 15. Qd2
Rc8 16. Ne2 Nc6 17. Ng3 d5 18. exd5 Nb4 19. d6 Bxd6 20. Bxh6 Rxe1+ 21. Rxe1 Bxf3
22. Bxg7 Kxg7 23. Qg5+ Kf8 24. Qh6+ Kg8 25. Nf5 Bf8 26. Qg5+ Bg7 27. Qxg7# 1-0

[Event "AUTO-INT-1745"]
[Site "http://www.queenalice.com/game.php?id=797967"]
[Date "2010.7.2"]
[Round "1"]
[White "reynegro64"]
[Black "carolsoy"]
[Result "1-0"]
[WhiteElo "1579"]
[BlackElo "1635"]

1. e4 e5 2. Nf3 Nc6 3. Bb5 Nd4 4. Nxd4 exd4 5. O-O c6 6. Bc4 Nf6 7. d3 b5 8. Bb3
a5 9. a4 b4 10. f4 d5 11. Nd2 dxe4 12. Nxe4 Nxe4 13. dxe4 c5 14. Re1 Bb7 15. Qg4
g6 16. e5 Bg7 17. e6 fxe6 18. Qxe6+ 1-0

[Event "AUTO-INT-1745"]
[Site "http://www.queenalice.com/game.php?id=797968"]
[Date "2010.7.2"]
[Round "1"]
[White "carolsoy"]
[Black "reynegro64"]
[Result "0-1"]
[WhiteElo "1615"]
[BlackElo "1677"]

1. e4 c5 2. d4 cxd4 3. Qxd4 Nc6 4. Qd1 Nf6 5. Nc3 e5 6. Bg5 Bb4 7. Ne2 h6 8.
Bxf6 Qxf6 9. a3 Ba5 10. b4 Bb6 11. f3 O-O 12. Nd5 Qd8 13. c4 d6 14. Nec3 Bd4 15.
Rc1 Qg5 16. b5 Bxc3+ 17. Rxc3 Nd4 18. Qd2 Qh4+ 19. Kd1 Be6 20. g3 Qd8 21. f4
Bxd5 22. cxd5 Rc8 23. Rxc8 Qxc8 24. fxe5 dxe5 0-1

[Event "AUTO-INT-1745"]
[Site "http://www.queenalice.com/game.php?id=797977"]
[Date "2010.7.2"]
[Round "1"]
[White "carolsoy"]
[Black "MARLEY14691158"]
[Result "0-1"]
[WhiteElo "1615"]
[BlackElo "1890"]

1. e4 c5 2. d4 cxd4 3. Qxd4 Nc6 4. Qd1 Nf6 5. Bb5 Nxe4 6. Bxc6 bxc6 7. Nf3 d5 8.
O-O Bg4 9. Nbd2 Nf6 10. h3 Bh5 11. c3 e5 12. Qa4 Qc7 13. Nxe5 Rc8 14. Re1 Be7
15. Nef3 O-O 16. Nd4 Bg6 17. N2f3 Ne4 18. Nd2 Nxf2 19. Kxf2 Bh4+ 20. Ke2 Rfe8+
21. Kd1 Rxe1# 0-1

[Event "AUTO-INT-1745"]
[Site "http://www.queenalice.com/game.php?id=797978"]
[Date "2010.7.2"]
[Round "1"]
[White "MARLEY14691158"]
[Black "carolsoy"]
[Result "1-0"]
[WhiteElo "1945"]
[BlackElo "1618"]

1. e4 e5 2. Nf3 d5 3. exd5 Qxd5 4. Nc3 Qd8 5. Nxe5 Qe7 6. Qe2 f6 7. Nf3 Bg4 8.
Qxe7+ Bxe7 9. Be2 Bxf3 10. Bxf3 c6 11. d3 Nd7 12. Bf4 g5 13. Bd2 O-O-O 14. O-O-O
h5 15. h3 Bb4 16. a3 Bxc3 17. Bxc3 Rh7 18. Be4 Re7 19. Bg6 h4 20. Rde1 Rxe1+ 21.
Rxe1 Nf8 22. Bf5+ Kc7 23. Ba5+ b6 24. Bc3 Rd5 25. Be6 Nxe6 26. Rxe6 Rd6 27. Re8
1-0

[Event "AUTO-OPEN-2046"]
[Site "http://www.queenalice.com/game.php?id=805830"]
[Date "2010.7.20"]
[Round "1"]
[White "Hagi"]
[Black "carolsoy"]
[Result "0-1"]
[WhiteElo "1607"]
[BlackElo "1560"]

1. d4 d5 2. Nc3 Nf6 3. h3 Nc6 4. Nf3 e6 5. Bg5 Be7 6. Qd2 O-O 7. O-O-O h6 8.
Bxf6 Bxf6 9. e4 Re8 10. e5 Be7 11. Kb1 Nb4 12. a3 Nc6 13. g4 Na5 14. h4 c5 15.
g5 h5 16. Be2 Qb6 17. Na4 Qc7 18. Nxc5 Bxc5 19. dxc5 Nc4 20. Bxc4 dxc4 21. Qc3
Qxc5 22. Rd4 b5 23. b4 Qb6 24. Rg1 g6 25. Kb2 Bb7 26. Ne1 Rad8 27. Rd2 Rxd2 28.
Qxd2 Rd8 29. Qe2 a5 30. c3 axb4 31. axb4 Rd5 32. Nf3 Rd3 33. Nd2 Qc7 34. f4 Qb6
35. Ra1 Qe3 36. Qxe3 Rxe3 37. Rd1 Rh3 38. Ne4 Bxe4 39. Rd4 Bd5 40. Rd1 Rxh4 41.
Ra1 Rxf4 42. Ra5 Bc6 43. Ra6 Be8 44. Ra8 Kf8 45. Kc2 Rf5 46. Kd2 Rxe5 47. Kc2
Rxg5 48. Ra1 Rd5 49. Rd1 Rxd1 50. Kxd1 f5 51. Ke2 Kg7 52. Kf3 Bc6+ 53. Kf4 Kf6
54. Kg3 g5 55. Kh3 f4 56. Kh2 Kf5 0-1

[Event "AUTO-OPEN-2046"]
[Site "http://www.queenalice.com/game.php?id=805831"]
[Date "2010.7.20"]
[Round "1"]
[White "carolsoy"]
[Black "Hagi"]
[Result "1-0"]
[WhiteElo "1601"]
[BlackElo "1577"]

1. e4 e5 2. Nf3 Nf6 3. Bc4 d5 4. exd5 Nxd5 5. Nxe5 Be6 6. Qf3 c6 7. Nc3 Nf6 8.
Bxe6 fxe6 9. Ne4 Nbd7 10. Nxf6+ Nxf6 11. Nxc6 bxc6 12. Qxc6+ Nd7 13. Qxe6+ Qe7
14. Qxe7+ Bxe7 15. O-O O-O 16. d4 Nf6 17. c4 Rac8 18. b3 Nh5 19. Re1 Bf6 20. Be3
Rcd8 21. Rad1 Be7 22. d5 Bb4 23. Re2 Nf6 24. Bg5 Rde8 25. Rxe8 Rxe8 26. Bxf6
gxf6 27. g4 Re2 28. a4 Rb2 29. Rd3 Rd2 30. Rxd2 Bxd2 31. h4 Bb4 32. Kg2 Kg7 33.
Kf3 Kg6 34. Kf4 Bd6+ 35. Ke4 h5 36. f3 hxg4 37. fxg4 a5 38. Kd4 f5 39. gxf5+
Kxf5 40. c5 Be5+ 41. Kc4 Kg4 42. d6 Kxh4 43. d7 Bc7 44. c6 Kg5 45. b4 Kf6 46. b5
Ke6 47. Kc5 Ke7 48. b6 Kd8 49. bxc7+ Kxc7 50. Kb5 Kd8 51. Kxa5 Kc7 52. Ka6 Kd8
53. Kb6 Ke7 54. Kc7 1-0

[Event "AUTO-OPEN-2046"]
[Site "http://www.queenalice.com/game.php?id=805872"]
[Date "2010.7.20"]
[Round "1"]
[White "JeanBart"]
[Black "carolsoy"]
[Result "1-0"]
[WhiteElo "2180"]
[BlackElo "1625"]

1. e4 e5 2. Nf3 Nc6 3. Bc4 d6 4. O-O Bg4 5. c3 Nf6 6. d3 h6 7. Nbd2 Be7 8. h3
Bxf3 9. Nxf3 O-O 10. Nh2 a6 11. f4 b5 12. Bb3 Nd7 13. fxe5 Ncxe5 14. Ng4 Bg5 15.
Bxg5 Qxg5 16. Rf5 Qe7 17. Qd2 Nxg4 18. hxg4 Ne5 19. g5 hxg5 20. Rxg5 c5 21. Bd5
Rac8 22. Kf2 c4 23. Rh1 Nxd3+ 24. Ke2 g6 25. Rxg6# 1-0

[Event "AUTO-OPEN-2046"]
[Site "http://www.queenalice.com/game.php?id=805873"]
[Date "2010.7.20"]
[Round "1"]
[White "carolsoy"]
[Black "JeanBart"]
[Result "0-1"]
[WhiteElo "1617"]
[BlackElo "2167"]

1. d4 Nf6 2. Nc3 e6 3. e4 Bb4 4. Bg5 h6 5. Bxf6 Qxf6 6. Nf3 b6 7. Be2 Bb7 8. e5
Qg6 9. O-O Bxc3 10. bxc3 O-O 11. Bd3 Qh5 12. Re1 f6 13. Be4 Bxe4 14. Rxe4 fxe5
15. Rxe5 Qg6 16. Qe2 Nc6 17. Re3 Ne7 18. Ne5 Qe8 19. Rf3 Nf5 20. g4 Ne7 21.
Rxf8+ Kxf8 22. f4 d6 23. Nd3 Qc6 24. Qxe6 Qxc3 25. Re1 Qxd4+ 26. Kg2 Qd5+ 27.
Qxd5 Nxd5 28. Kf3 Re8 29. Rxe8+ Kxe8 30. h3 Ke7 31. Ke4 c6 32. a3 Nc3+ 33. Kf5
Kf7 34. Nb4 g6# 0-1